[Event "Ekstraliga 2019"]
[Site "Katowice"]
[Date "2019.09.05"]
[Round "9.2"]
[White "Moranda, Wojciech"]
[Black "Brodowski, Piotr"]
[Result "1-0"]
[BlackElo "2430"]
[WhiteElo "2597"]
[WhiteTeam "Wieza Pegow"]
[BlackTeam "Bialy Krol Wisznia Mala"]
[LiveChessVersion "1.4.8"]

1. d4 {[%clk 1:30:56]} d6 {[%clk 1:30:55]} 2. Nf3 {[%clk 1:28:46]} g6
{[%clk 1:31:00]} 3. g3 {[%clk 1:26:39]} Bg7 {[%clk 1:30:59]} 4. Bg2
{[%clk 1:26:57]} c5 {[%clk 1:28:21]} 5. O-O {[%clk 1:21:47]} cxd4
{[%clk 1:28:13]} 6. Nxd4 {[%clk 1:22:05]} Nf6 {[%clk 1:28:38]} 7. c4
{[%clk 1:21:48]} O-O {[%clk 1:28:48]} 8. Nc3 {[%clk 1:22:08]} a6 {[%clk 1:26:50]}
9. b3 {[%clk 1:15:43]} Qb6 {[%clk 1:21:47]} 10. Bb2 {[%clk 1:04:46]} Nc6
{[%clk 1:21:34]} 11. e3 {[%clk 1:02:43]} Rd8 {[%clk 1:11:20]} 12. h3
{[%clk 0:53:04]} e5 {[%clk 1:09:32]} 13. Nde2 {[%clk 0:47:27]} Be6
{[%clk 1:09:16]} 14. Qd2 {[%clk 0:40:22]} Rac8 {[%clk 1:09:18]} 15. Rfd1
{[%clk 0:39:36]} Ne7 {[%clk 1:01:45]} 16. Rac1 {[%clk 0:35:59]} h5
{[%clk 1:00:07]} 17. Rc2 {[%clk 0:23:50]} Kh7 {[%clk 0:55:00]} 18. Ba3
{[%clk 0:23:14]} Bf8 {[%clk 0:33:37]} 19. Qe1 {[%clk 0:20:55]} Rd7
{[%clk 0:29:43]} 20. Rcd2 {[%clk 0:17:05]} Rcd8 {[%clk 0:30:07]} 21. Rd3
{[%clk 0:15:10]} Bf5 {[%clk 0:08:57]} 22. R3d2 {[%clk 0:11:10]} Be6
{[%clk 0:09:10]} 23. Kh2 {[%clk 0:10:48]} Bh6 {[%clk 0:09:13]} 24. Rd3
{[%clk 0:08:05]} Bf5 {[%clk 0:06:59]} 25. e4 {[%clk 0:08:11]} Be6
{[%clk 0:07:25]} 26. f4 {[%clk 0:08:29]} exf4 {[%clk 0:02:40]} 27. gxf4
{[%clk 0:08:49]} Ne8 {[%clk 0:02:30]} 28. Qh4 {[%clk 0:07:25]} Qa5
{[%clk 0:02:41]} 29. Bc1 {[%clk 0:06:50]} f5 {[%clk 0:02:16]} 30. e5
{[%clk 0:06:46]} Bg7 {[%clk 0:02:15]} 31. exd6 {[%clk 0:03:11]} Bf6
{[%clk 0:02:30]} 32. Qg3 {[%clk 0:02:55]} Nxd6 {[%clk 0:01:31]} 33. Qe3
{[%clk 0:02:44]} Ne4 {[%clk 0:01:03]} 34. Rxd7 {[%clk 0:02:40]} Rxd7
{[%clk 0:01:30]} 35. Rxd7 {[%clk 0:03:02]} Bxd7 {[%clk 0:01:58]} 36. Bxe4
{[%clk 0:02:41]} fxe4 {[%clk 0:01:52]} 37. Nxe4 {[%clk 0:03:05]} Bh4
{[%clk 0:02:08]} 38. Qc3 {[%clk 0:00:55]} Qd8 {[%clk 0:01:02]} 39. Bb2
{[%clk 0:01:01]} Nf5 {[%clk 0:01:25]} 40. Nd4 {[%clk 0:30:45]} Bf6
{[%clk 0:31:24]} 41. Nxf6+ {[%clk 0:28:35]} Qxf6 {[%clk 0:30:16]} 42. Nf3
{[%clk 0:27:42]} Qxc3 {[%clk 0:30:05]} 43. Bxc3 {[%clk 0:23:50]} Bc6
{[%clk 0:30:29]} 44. Ng5+ {[%clk 0:22:58]} Kg8 {[%clk 0:30:53]} 45. Be5
{[%clk 0:18:07]} Kf8 {[%clk 0:30:43]} 46. Kg1 {[%clk 0:18:15]} Ke7
{[%clk 0:31:07]} 47. Kf2 {[%clk 0:18:33]} Nd6 {[%clk 0:31:24]} 48. Bxd6+
{[%clk 0:15:08]} Kxd6 {[%clk 0:31:41]} 49. Ke3 {[%clk 0:14:53]} Kc5
{[%clk 0:31:48]} 50. a3 {[%clk 0:14:47]} b5 {[%clk 0:29:51]} 51. Ne6+
{[%clk 0:05:15]} Kd6 {[%clk 0:28:02]} 52. Nd4 {[%clk 0:05:15]} Bd7
{[%clk 0:24:06]} 53. h4 {[%clk 0:05:31]} bxc4 {[%clk 0:24:26]} 54. bxc4
{[%clk 0:05:57]} Ba4 {[%clk 0:21:05]} 55. Kd3 {[%clk 0:05:40]} Bd1
{[%clk 0:21:07]} 56. Ne2 {[%clk 0:04:18]} Ke6 {[%clk 0:20:47]} 57. Ng3
{[%clk 0:04:35]} Bf3 {[%clk 0:21:04]} 58. Kd4 {[%clk 0:04:47]} Kd6
{[%clk 0:21:26]} 59. Ne4+ {[%clk 0:04:49]} Kc6 {[%clk 0:21:50]} 60. Nc5
{[%clk 0:04:22]} a5 {[%clk 0:22:14]} 61. Nd3 {[%clk 0:04:43]} Be2
{[%clk 0:21:59]} 62. Ne5+ {[%clk 0:04:52]} Kd6 {[%clk 0:22:27]} 63. Nxg6
{[%clk 0:04:51]} Ke6 {[%clk 0:22:55]} 64. Ne5 {[%clk 0:05:04]} Kf5
{[%clk 0:23:20]} 65. Ke3 {[%clk 0:05:28]} 1-0

[Event "Ekstraliga 2019"]
[Site "Katowice"]
[Date "2019.09.05"]
[Round "9.3"]
[White "Skawinski, Arkadiusz"]
[Black "Dziuba, Marcin"]
[Result "0-1"]
[BlackElo "2568"]
[WhiteElo "2398"]
[WhiteTeam "Bialy Krol Wisznia Mala"]
[BlackTeam "Wieza Pegow"]
[LiveChessVersion "1.4.8"]

1. e4 {[%clk 1:30:53]} c5 {[%clk 1:30:45]} 2. Nf3 {[%clk 1:31:19]} d6
{[%clk 1:31:11]} 3. Bb5+ {[%clk 1:31:45]} Nd7 {[%clk 1:31:34]} 4. Ba4
{[%clk 1:32:05]} Ngf6 {[%clk 1:29:35]} 5. O-O {[%clk 1:32:28]} e6
{[%clk 1:27:45]} 6. Re1 {[%clk 1:32:53]} a6 {[%clk 1:26:27]} 7. c4
{[%clk 1:33:18]} Be7 {[%clk 1:23:45]} 8. Nc3 {[%clk 1:33:43]} O-O
{[%clk 1:23:22]} 9. d3 {[%clk 1:33:50]} b6 {[%clk 1:19:34]} 10. a3
{[%clk 1:33:22]} Bb7 {[%clk 1:19:18]} 11. Rb1 {[%clk 1:33:47]} Qc7
{[%clk 1:09:22]} 12. h3 {[%clk 1:32:32]} Ne5 {[%clk 1:07:42]} 13. Qe2
{[%clk 1:25:47]} Nfd7 {[%clk 1:05:23]} 14. Bd2 {[%clk 1:06:23]} Nxf3+
{[%clk 0:54:37]} 15. Qxf3 {[%clk 1:06:43]} Ne5 {[%clk 0:54:38]} 16. Qe2
{[%clk 1:05:01]} Nc6 {[%clk 0:52:05]} 17. Be3 {[%clk 1:01:32]} Bf6
{[%clk 0:40:54]} 18. Qd2 {[%clk 0:58:19]} Nd4 {[%clk 0:37:32]} 19. f4
{[%clk 0:56:44]} Rab8 {[%clk 0:36:22]} 20. Rec1 {[%clk 0:47:37]} g6
{[%clk 0:33:40]} 21. b4 {[%clk 0:45:12]} Bg7 {[%clk 0:33:51]} 22. Kh1
{[%clk 0:45:20]} f5 {[%clk 0:33:33]} 23. bxc5 {[%clk 0:37:28]} bxc5
{[%clk 0:33:36]} 24. exf5 {[%clk 0:32:19]} gxf5 {[%clk 0:33:05]} 25. Ne2
{[%clk 0:32:14]} Rf6 {[%clk 0:23:27]} 26. Nxd4 {[%clk 0:28:19]} cxd4
{[%clk 0:21:40]} 27. Bxd4 {[%clk 0:27:24]} Rg6 {[%clk 0:13:28]} 28. Rxb7
{[%clk 0:26:47]} Qxb7 {[%clk 0:13:05]} 29. Bxg7 {[%clk 0:27:07]} Qxg7
{[%clk 0:11:59]} 30. d4 {[%clk 0:27:08]} Rg3 {[%clk 0:08:53]} 31. Rc3
{[%clk 0:23:31]} h5 {[%clk 0:08:11]} 32. Qe1 {[%clk 0:20:18]} Rxg2
{[%clk 0:05:24]} 0-1

[Event "Ekstraliga 2019"]
[Site "Katowice"]
[Date "2019.09.05"]
[Round "9.4"]
[White "Michalik, Peter"]
[Black "Luch, Michal"]
[Result "1/2-1/2"]
[BlackElo "2393"]
[WhiteElo "2573"]
[WhiteTeam "Wieza Pegow"]
[BlackTeam "Bialy Krol Wisznia Mala"]
[LiveChessVersion "1.4.8"]

1. c4 {[%clk 1:30:38]} Nf6 {[%clk 1:30:31]} 2. Nc3 {[%clk 1:31:01]} c5
{[%clk 1:23:41]} 3. Nf3 {[%clk 1:30:00]} d5 {[%clk 1:22:41]} 4. cxd5
{[%clk 1:30:22]} Nxd5 {[%clk 1:23:09]} 5. e3 {[%clk 1:29:49]} Nc6
{[%clk 1:15:23]} 6. Bb5 {[%clk 1:26:40]} Nxc3 {[%clk 1:14:08]} 7. bxc3
{[%clk 1:26:20]} Bd7 {[%clk 1:13:04]} 8. O-O {[%clk 1:25:24]} g6 {[%clk 1:07:32]}
9. Ba3 {[%clk 1:18:52]} e6 {[%clk 0:50:42]} 10. d4 {[%clk 0:51:55]} cxd4
{[%clk 0:50:33]} 11. Bxf8 {[%clk 0:52:20]} Kxf8 {[%clk 0:50:59]} 12. exd4
{[%clk 0:52:45]} Kg7 {[%clk 0:49:33]} 13. Qd2 {[%clk 0:52:27]} Qf6
{[%clk 0:40:57]} 14. Ne5 {[%clk 0:48:40]} Rhd8 {[%clk 0:41:14]} 15. Ng4
{[%clk 0:49:05]} Qh4 {[%clk 0:38:03]} 16. Be2 {[%clk 0:46:44]} f5
{[%clk 0:26:20]} 17. Ne3 {[%clk 0:46:05]} e5 {[%clk 0:23:53]} 18. d5
{[%clk 0:44:11]} f4 {[%clk 0:22:22]} 19. Nc2 {[%clk 0:42:27]} Bf5
{[%clk 0:18:12]} 20. Rfd1 {[%clk 0:29:53]} Be4 {[%clk 0:17:20]} 21. c4
{[%clk 0:29:39]} Qg5 {[%clk 0:15:30]} 22. Ne1 {[%clk 0:29:23]} Nd4
{[%clk 0:15:19]} 23. f3 {[%clk 0:25:53]} 1/2-1/2

[Event "Ekstraliga 2019"]
[Site "Katowice"]
[Date "2019.09.05"]
[Round "9.5"]
[White "Butkiewicz, Lukasz"]
[Black "Plat, Vojtech"]
[Result "1/2-1/2"]
[BlackElo "2561"]
[WhiteElo "2436"]
[WhiteTeam "Bialy Krol Wisznia Mala"]
[BlackTeam "Wieza Pegow"]
[LiveChessVersion "1.4.8"]

1. e4 {[%clk 1:27:19]} c5 {[%clk 1:30:54]} 2. Nf3 {[%clk 1:27:45]} Nc6
{[%clk 1:31:18]} 3. d4 {[%clk 1:28:11]} cxd4 {[%clk 1:31:44]} 4. Nxd4
{[%clk 1:28:31]} e6 {[%clk 1:32:01]} 5. Nc3 {[%clk 1:27:59]} d6 {[%clk 1:32:27]}
6. Be3 {[%clk 1:26:19]} Nf6 {[%clk 1:32:52]} 7. Be2 {[%clk 1:26:30]} Be7
{[%clk 1:33:15]} 8. O-O {[%clk 1:25:32]} O-O {[%clk 1:33:39]} 9. f4
{[%clk 1:22:31]} a6 {[%clk 1:30:53]} 10. a4 {[%clk 1:21:50]} Bd7 {[%clk 1:31:10]}
11. Kh1 {[%clk 1:18:14]} Nxd4 {[%clk 1:28:55]} 12. Bxd4 {[%clk 1:17:09]} Bc6
{[%clk 1:27:14]} 13. Bf3 {[%clk 1:13:08]} Nd7 {[%clk 1:23:38]} 14. Qe1
{[%clk 1:10:47]} b5 {[%clk 1:16:51]} 15. Qg3 {[%clk 1:06:25]} e5 {[%clk 1:13:04]}
16. fxe5 {[%clk 1:01:05]} dxe5 {[%clk 1:12:05]} 17. Be3 {[%clk 0:57:23]} Kh8
{[%clk 1:08:31]} 18. Rad1 {[%clk 0:56:00]} Qc7 {[%clk 1:06:31]} 19. axb5
{[%clk 0:44:23]} axb5 {[%clk 1:06:13]} 1/2-1/2

[Event "Ekstraliga 2019"]
[Site "Katowice"]
[Date "2019.09.05"]
[Round "9.6"]
[White "Majdan, Joanna"]
[Black "Bartel, Marta"]
[Result "1-0"]
[BlackElo "2244"]
[WhiteElo "2368"]
[WhiteTeam "Wieza Pegow"]
[BlackTeam "Bialy Krol Wisznia Mala"]
[LiveChessVersion "1.4.8"]

1. e4 {[%clk 1:30:57]} g6 {[%clk 1:30:52]} 2. d4 {[%clk 1:29:59]} Bg7
{[%clk 1:31:11]} 3. Nc3 {[%clk 1:29:52]} c6 {[%clk 1:31:33]} 4. Be3
{[%clk 1:29:54]} d5 {[%clk 1:31:53]} 5. e5 {[%clk 1:29:36]} f6 {[%clk 1:31:52]}
6. f4 {[%clk 1:27:37]} Nh6 {[%clk 1:31:07]} 7. Nf3 {[%clk 1:27:43]} Qb6
{[%clk 1:29:34]} 8. Na4 {[%clk 1:26:13]} Qc7 {[%clk 1:29:45]} 9. Qd2
{[%clk 1:25:06]} b6 {[%clk 1:14:50]} 10. h3 {[%clk 1:19:19]} Ba6 {[%clk 1:11:23]}
11. g4 {[%clk 1:14:35]} Bxf1 {[%clk 1:06:43]} 12. Rxf1 {[%clk 1:14:30]} Nf7
{[%clk 1:04:52]} 13. O-O-O {[%clk 1:07:14]} Qb7 {[%clk 0:52:50]} 14. h4
{[%clk 1:01:18]} Na6 {[%clk 0:51:48]} 15. h5 {[%clk 0:57:44]} gxh5
{[%clk 0:44:54]} 16. g5 {[%clk 0:57:51]} f5 {[%clk 0:29:37]} 17. Rh1
{[%clk 0:55:46]} O-O-O {[%clk 0:25:29]} 18. Rxh5 {[%clk 0:54:44]} Rdf8
{[%clk 0:24:42]} 19. Rdh1 {[%clk 0:50:14]} h6 {[%clk 0:22:20]} 20. e6
{[%clk 0:46:47]} Nd6 {[%clk 0:22:07]} 21. gxh6 {[%clk 0:47:10]} Bf6
{[%clk 0:22:05]} 22. Ne5 {[%clk 0:44:17]} Rh7 {[%clk 0:17:23]} 23. Qg2
{[%clk 0:39:09]} Nc7 {[%clk 0:11:02]} 24. Qg6 {[%clk 0:34:22]} Rhh8
{[%clk 0:11:12]} 25. Nf7 {[%clk 0:31:50]} Nxe6 {[%clk 0:10:46]} 26. Qxf6 1-0

[Event "Ekstraliga 2019"]
[Site "Katowice"]
[Date "2019.09.05"]
[Round "9.7"]
[White "Heberla, Bartlomiej"]
[Black "Matuszewski, Michal"]
[Result "1-0"]
[BlackElo "2518"]
[WhiteElo "2552"]
[WhiteTeam "Baszta MOS Znin"]
[BlackTeam "KSz Dwie Wieze Krakow"]
[LiveChessVersion "1.4.8"]

1. e4 {[%clk 1:30:25]} c5 {[%clk 1:30:55]} 2. Nf3 {[%clk 1:30:52]} a6
{[%clk 1:31:20]} 3. b4 {[%clk 1:31:17]} cxb4 {[%clk 1:28:01]} 4. d4
{[%clk 1:29:20]} d5 {[%clk 1:17:07]} 5. exd5 {[%clk 1:27:46]} Nf6
{[%clk 1:16:35]} 6. a3 {[%clk 1:27:20]} e6 {[%clk 1:04:01]} 7. dxe6
{[%clk 1:22:36]} Bxe6 {[%clk 1:04:23]} 8. Be2 {[%clk 1:22:55]} Nc6
{[%clk 0:57:11]} 9. O-O {[%clk 1:23:02]} Rc8 {[%clk 0:54:12]} 10. axb4
{[%clk 1:20:23]} Bxb4 {[%clk 0:38:23]} 11. c4 {[%clk 1:18:46]} Bd7
{[%clk 0:32:24]} 12. d5 {[%clk 1:13:56]} Nb8 {[%clk 0:19:21]} 13. Qb3
{[%clk 0:44:35]} a5 {[%clk 0:14:51]} 14. Na3 {[%clk 0:39:01]} O-O
{[%clk 0:14:13]} 15. Nc2 {[%clk 0:37:25]} Re8 {[%clk 0:10:21]} 16. Be3
{[%clk 0:35:21]} Ng4 {[%clk 0:09:05]} 17. Nxb4 {[%clk 0:34:15]} Nxe3
{[%clk 0:07:50]} 18. fxe3 {[%clk 0:34:25]} axb4 {[%clk 0:08:16]} 19. Qxb4
{[%clk 0:29:55]} Rxe3 {[%clk 0:08:16]} 20. Nd4 {[%clk 0:28:10]} Qh4
{[%clk 0:03:32]} 21. Rad1 {[%clk 0:22:28]} Na6 {[%clk 0:00:42]} 22. Qxb7
{[%clk 0:18:14]} Nc5 {[%clk 0:01:11]} 23. Qa7 {[%clk 0:18:39]} Qe7
{[%clk 0:00:38]} 24. Bf3 {[%clk 0:16:43]} Rc3 {[%clk 0:00:39]} 25. Rfe1
{[%clk 0:15:58]} Qd6 {[%clk 0:00:34]} 26. Nc6 {[%clk 0:08:14]} Kh8
{[%clk 0:00:52]} 27. Ne5 {[%clk 0:08:33]} Kg8 {[%clk 0:00:37]} 28. Bg4
{[%clk 0:06:04]} Bxg4 {[%clk 0:00:36]} 29. Qxf7+ {[%clk 0:06:25]} Kh8
{[%clk 0:01:03]} 30. Nxg4 {[%clk 0:06:31]} Qd8 {[%clk 0:00:36]} 31. Nf6
{[%clk 0:06:08]} Qf8 {[%clk 0:00:35]} 32. Qxf8+ {[%clk 0:03:00]} Rxf8
{[%clk 0:01:04]} 33. Ng4 {[%clk 0:03:29]} Rxc4 {[%clk 0:00:56]} 34. Ne5
{[%clk 0:03:58]} Ra4 {[%clk 0:00:35]} 35. d6 {[%clk 0:04:23]} Kg8
{[%clk 0:00:52]} 36. d7 {[%clk 0:03:53]} Raa8 {[%clk 0:01:00]} 37. Nc6
{[%clk 0:04:16]} Nb7 {[%clk 0:00:56]} 38. Ne7+ {[%clk 0:02:11]} Kf7
{[%clk 0:01:00]} 39. Rd2 {[%clk 0:02:33]} g6 {[%clk 0:00:33]} 40. Nc6
{[%clk 0:31:29]} Nd8 {[%clk 0:30:34]} 41. Rf2+ {[%clk 0:30:52]} 1-0

[Event "Ekstraliga 2019"]
[Site "Katowice"]
[Date "2019.09.05"]
[Round "9.8"]
[White "Druska, Juraj"]
[Black "Maksimenko, Andrei"]
[Result "1/2-1/2"]
[BlackElo "2468"]
[WhiteElo "2460"]
[WhiteTeam "KSz Dwie Wieze Krakow"]
[BlackTeam "Baszta MOS Znin"]
[LiveChessVersion "1.4.8"]

1. d4 {[%clk 1:27:30]} d5 {[%clk 1:29:43]} 2. Nf3 {[%clk 1:27:49]} Bf5
{[%clk 1:29:52]} 3. e3 {[%clk 1:26:26]} e6 {[%clk 1:29:45]} 4. Bd3
{[%clk 1:25:59]} Bxd3 {[%clk 1:29:45]} 5. Qxd3 {[%clk 1:26:22]} Nd7
{[%clk 1:29:41]} 6. c4 {[%clk 1:25:44]} Ngf6 {[%clk 1:29:18]} 7. Nc3
{[%clk 1:25:59]} c6 {[%clk 1:29:42]} 8. O-O {[%clk 1:26:12]} Bb4 {[%clk 1:30:04]}
9. Bd2 {[%clk 1:24:25]} a5 {[%clk 1:28:34]} 10. a3 {[%clk 1:19:08]} Be7
{[%clk 1:28:40]} 11. e4 {[%clk 1:18:27]} dxe4 {[%clk 1:29:07]} 12. Nxe4
{[%clk 1:18:50]} Nxe4 {[%clk 1:29:30]} 13. Qxe4 {[%clk 1:19:15]} O-O
{[%clk 1:29:51]} 1/2-1/2

[Event "Ekstraliga 2019"]
[Site "Katowice"]
[Date "2019.09.05"]
[Round "9.9"]
[White "Piesik, Piotr"]
[Black "Kaczmarek, Aleksander"]
[Result "1-0"]
[BlackElo "2389"]
[WhiteElo "2409"]
[WhiteTeam "Baszta MOS Znin"]
[BlackTeam "KSz Dwie Wieze Krakow"]
[LiveChessVersion "1.4.8"]

1. d4 {[%clk 1:30:50]} Nf6 {[%clk 1:30:46]} 2. c4 {[%clk 1:30:37]} e6
{[%clk 1:31:10]} 3. Nf3 {[%clk 1:30:09]} Bb4+ {[%clk 1:31:34]} 4. Bd2
{[%clk 1:29:59]} Qe7 {[%clk 1:31:51]} 5. Nc3 {[%clk 1:27:26]} O-O
{[%clk 1:31:18]} 6. Qc2 {[%clk 1:18:51]} Nc6 {[%clk 1:30:48]} 7. e4
{[%clk 1:14:49]} e5 {[%clk 1:26:05]} 8. dxe5 {[%clk 1:05:24]} Nxe5
{[%clk 1:26:28]} 9. Be2 {[%clk 1:01:13]} d6 {[%clk 1:19:50]} 10. a3
{[%clk 0:59:39]} Bc5 {[%clk 1:14:27]} 11. b4 {[%clk 0:54:56]} Bb6
{[%clk 1:14:29]} 12. Bf4 {[%clk 0:49:46]} Ng6 {[%clk 1:03:57]} 13. Bg3
{[%clk 0:49:42]} Re8 {[%clk 1:04:10]} 14. e5 {[%clk 0:43:27]} Nxe5
{[%clk 0:48:43]} 15. Bxe5 {[%clk 0:43:05]} dxe5 {[%clk 0:49:01]} 16. c5
{[%clk 0:43:31]} e4 {[%clk 0:49:23]} 17. Nd4 {[%clk 0:41:58]} Bxc5
{[%clk 0:45:36]} 18. bxc5 {[%clk 0:42:23]} Qxc5 {[%clk 0:46:01]} 19. Ncb5
{[%clk 0:40:16]} Qxc2 {[%clk 0:36:54]} 20. Nxc2 {[%clk 0:40:41]} Re7
{[%clk 0:37:20]} 21. Ne3 {[%clk 0:40:09]} a6 {[%clk 0:37:03]} 22. Nd4
{[%clk 0:36:35]} c5 {[%clk 0:34:12]} 23. Nb3 {[%clk 0:36:47]} b6 {[%clk 0:34:07]}
24. O-O {[%clk 0:36:37]} Be6 {[%clk 0:33:22]} 25. Rab1 {[%clk 0:36:11]} Rd7
{[%clk 0:27:52]} 26. a4 {[%clk 0:35:32]} g6 {[%clk 0:27:10]} 27. Rfc1
{[%clk 0:33:53]} Bxb3 {[%clk 0:19:47]} 28. Rxb3 {[%clk 0:34:16]} Rd4
{[%clk 0:18:08]} 29. Rxb6 {[%clk 0:33:24]} Kg7 {[%clk 0:18:12]} 30. a5
{[%clk 0:30:53]} Ra4 {[%clk 0:18:12]} 31. Rxf6 {[%clk 0:28:54]} Kxf6
{[%clk 0:18:18]} 32. Nd5+ {[%clk 0:29:19]} Ke5 {[%clk 0:18:40]} 33. Nb6
{[%clk 0:29:44]} Ra2 {[%clk 0:18:42]} 34. Bc4 {[%clk 0:29:25]} Rxa5
{[%clk 0:18:47]} 35. Nxa8 {[%clk 0:29:49]} f5 {[%clk 0:18:56]} 36. Nc7
{[%clk 0:28:35]} Ra4 {[%clk 0:18:40]} 37. Nxa6 {[%clk 0:28:21]} Kd4
{[%clk 0:19:02]} 38. Bb5 {[%clk 0:27:58]} Ra5 {[%clk 0:19:19]} 39. Rc4+
{[%clk 0:27:56]} Kd5 {[%clk 0:19:01]} 40. Rxc5+ {[%clk 0:58:15]} Kd6
{[%clk 0:47:27]} 41. Rc6+ {[%clk 0:58:30]} Kd7 {[%clk 0:47:40]} 42. Nc5+
{[%clk 0:58:41]} Ke7 {[%clk 0:47:49]} 43. Bc4 {[%clk 0:58:31]} Ra1+
{[%clk 0:48:09]} 44. Bf1 {[%clk 0:58:57]} Rc1 {[%clk 0:48:34]} 45. g3
{[%clk 0:58:34]} g5 {[%clk 0:48:50]} 46. Re6+ {[%clk 0:58:05]} Kf7
{[%clk 0:49:03]} 47. Re5 {[%clk 0:58:14]} Kg6 {[%clk 0:49:14]} 48. Kg2
{[%clk 0:58:13]} 1-0

[Event "Ekstraliga 2019"]
[Site "Katowice"]
[Date "2019.09.05"]
[Round "9.14"]
[White "Czarnota, Pawel"]
[Black "Bluebaum, Matthias"]
[Result "1/2-1/2"]
[BlackElo "2619"]
[WhiteElo "2532"]
[WhiteTeam "Akademia Szachowa Gliwice"]
[BlackTeam "KSz Stilon Gorzow"]
[LiveChessVersion "1.4.8"]

1. e4 {[%clk 1:30:55]} c6 {[%clk 1:30:54]} 2. d4 {[%clk 1:30:46]} d5
{[%clk 1:31:18]} 3. Nc3 {[%clk 1:31:03]} dxe4 {[%clk 1:31:36]} 4. Nxe4
{[%clk 1:31:27]} Nf6 {[%clk 1:31:41]} 5. Nxf6+ {[%clk 1:31:42]} exf6
{[%clk 1:32:07]} 6. c3 {[%clk 1:31:54]} Bf5 {[%clk 1:32:00]} 7. Bd3
{[%clk 1:23:53]} Bxd3 {[%clk 1:32:04]} 8. Qxd3 {[%clk 1:24:17]} Na6
{[%clk 1:31:42]} 9. Nf3 {[%clk 1:20:51]} Nc5 {[%clk 1:31:11]} 10. Qc2
{[%clk 1:17:54]} Ne6 {[%clk 1:31:23]} 11. O-O {[%clk 1:16:43]} Bd6
{[%clk 1:31:33]} 12. Re1 {[%clk 1:13:34]} O-O {[%clk 1:30:54]} 13. Be3
{[%clk 1:12:25]} Qc7 {[%clk 1:27:33]} 14. Rad1 {[%clk 1:11:19]} Rad8
{[%clk 1:25:27]} 15. c4 {[%clk 1:04:43]} h6 {[%clk 1:19:22]} 16. g3
{[%clk 0:59:54]} Ng5 {[%clk 1:13:53]} 17. Bxg5 {[%clk 0:48:16]} fxg5
{[%clk 1:13:44]} 18. a3 {[%clk 0:47:50]} Be7 {[%clk 1:07:36]} 19. Qe4
{[%clk 0:38:40]} Bf6 {[%clk 1:03:46]} 20. b4 {[%clk 0:39:02]} Qc8
{[%clk 0:55:11]} 21. d5 {[%clk 0:27:31]} Rfe8 {[%clk 0:49:56]} 22. Qd3
{[%clk 0:27:20]} Rxe1+ {[%clk 0:43:31]} 23. Nxe1 {[%clk 0:27:34]} cxd5
{[%clk 0:43:57]} 24. cxd5 {[%clk 0:27:57]} Qd7 {[%clk 0:44:23]} 25. Kg2
{[%clk 0:15:45]} Rc8 {[%clk 0:42:35]} 26. Qe3 {[%clk 0:16:09]} a6
{[%clk 0:38:53]} 27. Rd3 {[%clk 0:15:34]} g4 {[%clk 0:34:43]} 28. Qe2
{[%clk 0:12:57]} h5 {[%clk 0:29:02]} 29. Nc2 {[%clk 0:13:17]} Qf5
{[%clk 0:27:08]} 30. d6 {[%clk 0:11:18]} Qd7 {[%clk 0:23:43]} 31. Rd5
{[%clk 0:05:57]} Qe6 {[%clk 0:13:42]} 32. Ne3 {[%clk 0:02:28]} Qe4+
{[%clk 0:09:58]} 33. f3 {[%clk 0:02:57]} Qe6 {[%clk 0:07:37]} 34. d7
{[%clk 0:03:18]} Rd8 {[%clk 0:07:54]} 35. fxg4 {[%clk 0:03:05]} hxg4
{[%clk 0:07:28]} 36. Qd3 {[%clk 0:03:08]} g6 {[%clk 0:07:54]} 37. Nc4
{[%clk 0:01:35]} 1/2-1/2

[Event "Ekstraliga 2019"]
[Site "Katowice"]
[Date "2019.09.05"]
[Round "9.16"]
[White "Warakomski, Tomasz"]
[Black "Tomczak, Mikolaj"]
[Result "1/2-1/2"]
[BlackElo "2432"]
[WhiteElo "2497"]
[WhiteTeam "Akademia Szachowa Gliwice"]
[BlackTeam "KSz Stilon Gorzow"]
[LiveChessVersion "1.4.8"]

1. e4 {[%clk 1:28:46]} c5 {[%clk 1:30:56]} 2. Nf3 {[%clk 1:28:37]} d6
{[%clk 1:31:21]} 3. d4 {[%clk 1:29:04]} cxd4 {[%clk 1:31:47]} 4. Nxd4
{[%clk 1:29:31]} Nf6 {[%clk 1:32:08]} 5. Nc3 {[%clk 1:29:58]} g6 {[%clk 1:32:34]}
6. Be3 {[%clk 1:29:17]} Bg7 {[%clk 1:31:19]} 7. f3 {[%clk 1:29:43]} O-O
{[%clk 1:31:45]} 8. Qd2 {[%clk 1:30:12]} Nc6 {[%clk 1:32:07]} 9. g4
{[%clk 1:30:39]} Be6 {[%clk 1:30:16]} 10. Nxe6 {[%clk 1:30:23]} fxe6
{[%clk 1:30:41]} 11. O-O-O {[%clk 1:30:46]} Ne5 {[%clk 1:30:28]} 12. Be2
{[%clk 1:29:11]} Qc8 {[%clk 1:30:52]} 13. h4 {[%clk 1:29:22]} Nc4
{[%clk 1:31:16]} 14. Bxc4 {[%clk 1:29:15]} Qxc4 {[%clk 1:31:42]} 15. h5
{[%clk 1:29:16]} b5 {[%clk 1:31:42]} 16. Kb1 {[%clk 1:20:41]} Nd7
{[%clk 1:07:03]} 17. hxg6 {[%clk 1:16:10]} hxg6 {[%clk 1:07:28]} 18. f4
{[%clk 1:09:49]} b4 {[%clk 0:55:53]} 19. Ne2 {[%clk 1:10:13]} Nf6
{[%clk 0:43:24]} 20. e5 {[%clk 1:08:57]} dxe5 {[%clk 0:42:28]} 21. fxe5
{[%clk 0:48:18]} Nxg4 {[%clk 0:42:17]} 22. Nc1 {[%clk 0:46:22]} a5
{[%clk 0:34:23]} 23. Rh4 {[%clk 0:30:46]} Qe4 {[%clk 0:33:09]} 24. Qd7
{[%clk 0:29:34]} Qf5 {[%clk 0:31:09]} 25. Rxg4 {[%clk 0:12:44]} Qxg4
{[%clk 0:31:26]} 26. Rg1 {[%clk 0:13:11]} Qf5 {[%clk 0:21:41]} 27. Rg5
{[%clk 0:13:32]} Qh3 {[%clk 0:16:54]} 28. Qd3 {[%clk 0:13:11]} Rf5
{[%clk 0:16:20]} 29. Rxg6 {[%clk 0:13:35]} Kf7 {[%clk 0:14:44]} 30. Rxe6
{[%clk 0:10:04]} Kxe6 {[%clk 0:13:19]} 31. Qb3+ {[%clk 0:10:29]} Kd7
{[%clk 0:13:46]} 32. Qd5+ {[%clk 0:10:56]} Kc7 {[%clk 0:13:53]} 33. Qc5+
{[%clk 0:11:20]} Kd7 {[%clk 0:14:09]} 34. Qd5+ {[%clk 0:11:45]} Kc7
{[%clk 0:14:35]} 35. Qc5+ {[%clk 0:12:12]} Kd7 {[%clk 0:15:01]} 1/2-1/2